• 首页
  • 本馆介绍
  • 公告通知
  • 最新文献
  • 馆藏检索
  • 电子资源
  • 读者导购
  • 参考咨询
  • 我的图书馆
  • 登录
  • 详细信息显示
  • 放入我的书架
  • 预约/预借图书
  • 作者相关作品
  • 分类相关作品
  • 丛书相关作品
  • 出版社相关作品

书目信息

  • 表格格式
  • 工作单格式
  • 卡片格式
题名:
海河平原地下水演变与对策
    
 
作者: 张光辉 著
分册:  
出版信息: 北京   科学出版社  2004.20
页数:
开本: 16开
丛书名:
单 册:
中图分类: TV211.1
科图分类:
主题词: 水利调查
电子资源:
ISBN: 7-03-012370-0
000 00555nam0 2200181 450
001 0736196517
005 20070924100316.51
010    @a7-03-012370-0@d¥66.00
100    @a20070924d km y0chiy0120 ea
101 0  @achi
200 1  @a海河平原地下水演变与对策@Ahai he ping yuan di xia shui yan bian yu dui ce@f张光辉 等著@Fzhang guang hui deng zhu
210    @a北京@c科学出版社@d2004.20
215    @d16开
606 0  @a水利调查
690    @aTV211.1@v3
701  0 @a张光辉@Azhang guang hui@4著
801  0 @aCN@bPFT@c20070924
905    @a213230@dTV211.1@eZY03@f1
    
    海河平原地下水演变与对策/张光辉 等著.-北京:科学出版社,2004.20
    16开
    
    
    ISBN 7-03-012370-0:¥66.00
    
●
相关链接 在E读中查询图书 在五车中查询图书 在当当中查询图书 在豆瓣中查询图书


正题名:海河平原地下水演变与对策     索取号:TV211.1/ZY03         预约/预借

序号 登录号 条形码 馆藏地/架位号 状态 备注
1 7901655   279016556   密集书库-资源管理系/ [索取号:TV211.1/ZY03] 在馆    
唐山师范学院图书馆 欢迎您!
大连网信软件有限公司© 版权所有